01145 2200397 4500001002100000005001500021035002000036007000300056008004100059020002200100082001400122084001600136100003300152245007200185250003200257300003100289650002000320700003200340264003700372336002100409337003000430338002300460040002200483090002200505850001200527999002200539990002200561990002000583990002000603990002000623990002200643990002000665990002000685990002200705990002000727INLIS00000000086105020210614110844 a0010-0621000585ta210614s2021 yoi g ind d a978-602-291-793-904223a809.8 a809.8 EMH m0 aEmha Ainun NadjibePengarang10aMbah Nun bertutur /cEmha Ainun Nadjib; penyunting, Nurjannah Intan aCetakan pertama, April 2021 aviii, 220 halaman ;c21 cm 4aKisah kehidupan0 aNurjannah IntanePenyunting31aSleman :bBentang Pustaka,c2021 2rdacontentateks 2rdamediaatanpa perantara 2rdacarrieravolume aYOPDYOGbinderda aCB-D.11 2021-0521 aYOPDYOG aCB-D.11/2021-0521 aCB-D.11/2021-0521 a43435-PD/B.2022 a43434-PD/B.2022 a43434-PD/B.2022 aCB-D.11/2021-0521 a43435-PD/B.2022 a43435-PD/B.2022 aCB-D.11/2021-0521 a43434-PD/B.2022